PHYSIOLOGY OF BEHAVIOR (Record no. 20804)

MARC details
000 -LEADER
fixed length control field 00334nam a22001577a 4500
003 - CONTROL NUMBER IDENTIFIER
control field SGT
020 ## - INTERNATIONAL STANDARD BOOK NUMBER
International Standard Book Number 9789332585751
082 ## - DEWEY DECIMAL CLASSIFICATION NUMBER
Classification number 612.8,CAR
100 ## - MAIN ENTRY--PERSONAL NAME
Personal name CARLSON,NEIL .R
245 ## - TITLE STATEMENT
Title PHYSIOLOGY OF BEHAVIOR
250 ## - EDITION STATEMENT
Edition statement 12TH
260 ## - PUBLICATION, DISTRIBUTION, ETC. (IMPRINT)
Place of publication, distribution, etc INDIA
Name of publisher, distributor, etc PEARSON
Year of Publication 2021
300 ## - PAGE DESCRIPTION
No. of Pages 736
650 ## - SUBJECT ADDED ENTRY--TOPICAL TERM
Topical term or geographic name as entry element PHYSIOLOGY
942 ## - ADDED ENTRY ELEMENTS (KOHA)
Source of classification or shelving scheme Dewey Decimal Classification
Koha item type Books
942 ## - ADDED ENTRY ELEMENTS (KOHA)
-- 8
Holdings
Withdrawn status Lost status Source of classification or shelving scheme Damaged status Not for loan Collection code Home library Current library Shelving location Date acquired Vendor Name Cost, normal purchase price SGTU Bill Number Total Checkouts Full call number Accession No. (Barcode) Date last seen Date last borrowed Bill Date Koha item type Use restrictions
    Dewey Decimal Classification     ENGINEERING SGT Engineering Library SGT Engineering Library Text Book 19/02/2021 AHUJA BOOK COMPANY 1395.00 SGTU 12615 17 612.8,CAR FE8088 27/02/2026 16/02/2026   Books  
    Dewey Decimal Classification   Not For Loan ENGINEERING SGT Engineering Library SGT Engineering Library Reference Book 19/02/2021 AHUJA BOOK COMPANY 1395.00 SGTU 12615   612.8,CAR FE8089 19/02/2021     Books Restricted Access